000
00332nam a2200133Ia 4500
008
240109s9999 xx 000 0 und d
041
_a
eng
082
_a
820
100
_a
Hamilton Roger
245
_a
Wink and Grow Rich
260
_b
Macmillan Publishers India Pvt. Ltd. Delhi/Mumbai
300
_a
134
650
_a
Management
999
_c
1036109
_d
1036109